00514nam a2200133Ia 4500008004100000020001800041100001900059245006900078260004700147300001800194500001900212999001900231952013000250200626s9999 xx 000 0 und d a0-13-111600-2 aAsch, Allen B. cAllen B. AschaHospitality cost control:bA practical approach:/ aNew Jersey:bPearson Education, Inc.c2006 axi, 243 pages aIncludes Index c363849d363849 00102lcc40aSFUbSFUcNULLd2020-06-27eDONATIONl0oTX 911.3.C65 .As812 2006pSFU1145r2020-06-27 00:00:00w2020-06-27yBK